Η επίδραση του Κουρδικού ζητήματαος στην εξωτερική πολιτική της Τουρκίας κατά την περίοδο 2002-2014 : διπλωματική εργασία [πτυχιακή εργασία]
Αποθηκεύτηκε σε:
| Κύριος συγγραφέας: | |
|---|---|
| Συγγραφή απο Οργανισμό/Αρχή: | |
| Άλλοι συγγραφείς: | |
| Μορφή: | Thesis Βιβλίο |
| Γλώσσα: | Greek |
| Δημοσίευση: |
2017.
|
| Θέματα: | |
| Διαθέσιμο Online: | http://hdl.handle.net/11610/23497 |
| Ετικέτες: |
Προσθήκη ετικέτας
Δεν υπάρχουν, Καταχωρήστε ετικέτα πρώτοι!
|
MARC
| LEADER | 00000cam a2200000 a 4500 | ||
|---|---|---|---|
| 001 | 1/114575 | ||
| 008 | 170731s2017####gr | ||| |||| ||gre|| | ||
| 040 | |a GR-MyUa |b gre |c GR-MyUa |e AACR2 | ||
| 041 | 0 | |a gre | |
| 082 | 7 | |a 327.1 |2 (23) | |
| 100 | 1 | |a Διπλάρας, Ευάγγελος. | |
| 245 | 1 | 2 | |a Η επίδραση του Κουρδικού ζητήματαος στην εξωτερική πολιτική της Τουρκίας κατά την περίοδο 2002-2014 : |b διπλωματική εργασία [πτυχιακή εργασία] / |c Διπλάρας Ευάγγελος ; επιβλέπουσα καθηγήτρια: Κεφαλά Παρασκευή. |
| 260 | |c 2017. | ||
| 300 | |a 93 σ. : |b χάρτ. ; |c 30 εκ. | ||
| 500 | |a Υπάρχει ψηφιακό αντίγραφο. | ||
| 502 | |a Πτυχιακή εργασία – Πανεπιστήμιο Αιγαίου, Ρόδος, 2017. | ||
| 504 | |a Βιβλιογραφία: σ. 82-89. | ||
| 506 | 0 | |a Πλήρες κείμενο - Ελεύθερη δημοσίευση. | |
| 650 | 0 | |a Kurds |z Turkey. | |
| 651 | 0 | |a Turkey |x Foreign relations. | |
| 651 | 0 | |a Kurdistan |x Politics and government. | |
| 651 | 0 | |a Turkey |x Politics and government. | |
| 700 | 1 | |a Κεφαλά, Παρασκευή, |e dgsf | |
| 710 | 2 | |a Πανεπιστήμιο Αιγαίου |b Σχολή Ανθρωπιστικών Επιστημών |b Τμήμα Μεσογειακών Σπουδών. | |
| 852 | |a INST |b RHODES |c DIATR |e 20170731 |h 327.1 ΔΙΠ |p 005400039464 |q 005400039464 |t DIE |y 23 | ||
| 856 | |u http://hdl.handle.net/11610/23497 | ||
| 924 | |a Διπλάρας |b Ευάγγελος |y Ρόδος |z 2017-07 | ||
| 970 | |z 31-07-2017 | ||